00997cam a22002773a 4500001000500000005001700005020001800022040002800040050002000068082001200088100001800100245008200118250004200200260003300242300003700275500003400312505000700346520017200353521002800525521001700553650002500570650002100595650003400616650003000650700003900680232320240719091124.0 a9780753458594 aEOWcEOWdLEOdDLCbeng00aMLCM 2006/43136 a823.9141 aHindley, Judy10aPrincess Rosa's winter /cJudy Hindley ; illustrated by Margaret Chamberlain. aFirst published by Kingfisher in 1997 aBoston :bKingfisher,c2005. a46 pages :billustrationsc23 cm aOriginally published in 1997. aJ  aLittle Princess Rosa is bored - in the depth of winter, life in a medieval castle is cold and dull. Then the arrival of a mysterious cloaked figure changes everything. a500 bLexile estimate  aJ bRaz-Plus 1aPrincessesvFiction. 1aWintervFiction. 0aPrincessesvJuvenile fiction. 0aWintervJuvenile fiction.1 aChamberlain, Margareteillustrator